000 00797nam a22002177a 4500
005 20100722112129.0
010 _aENG-96639
020 _a9780070700291
_c495.00
035 _aEN-80172
037 _bDBAD/PUB
040 _aDPL
_bEN
082 _a623.893
100 _aRao, G. S.
_9628
245 _aGlobal navigation satellite systems ;
_bwith essentials of satellitecommunication /
_cG. S. Rao.
260 _aNew Delhi
_bTata McGraw Hill
_c2010
270 _a7 West Patel Nager
_bNew Delhi
_e110008
300 _axv, 478 p.
_bill.
_c25cm.
500 _aIncludes bibliographical references and index.
942 _2ddc
_cEN
_h623.893
_mRAO
999 _c37161
_d37161